| 000 | 00936nam a2200289 a 4500 | ||
|---|---|---|---|
| 999 |
_c955 _d955 |
||
| 005 | 20191224041549.0 | ||
| 008 | 140224b1994 ck ||||| |||| 00| 0 spa d | ||
| 040 |
_aCO-BoIAVH _cCO-BoIAVH |
||
| 041 | _aspa | ||
| 044 | _ack | ||
| 090 |
_aLB _b00943 |
||
| 100 | _aEcheverri Restrepo, Rodrigo | ||
| 245 |
_aRecursos naturales y biodiversidad en el Darién Chocoano _bsituación actual y perspectivas |
||
| 260 |
_aBogotá _bProyecto Biopacífico _c1994 |
||
| 300 | _a60 p. | ||
| 650 | _aRecursos naturales | ||
| 650 | _aBiodiversidad | ||
| 650 | _aCuencas hidrográficas | ||
| 662 |
_aColombia _cParque Nacional Natural Los Katios _bChocó |
||
| 662 |
_aColombia _cRío Salaquí _bChocó |
||
| 662 |
_aColombia _cDarien _bChocó |
||
| 700 | _aLeal, Claudia | ||
| 700 | _aMolano, Alfredo | ||
| 700 | _aMonje, César | ||
| 700 | _aRamírez, Constanza | ||
| 942 |
_cINFORME _2z _02 |
||